| 000 | 00309nam a2200097Ia 4500 | ||
|---|---|---|---|
| 005 | 20251222114411.0 | ||
| 008 | 251222s1900||||xx |||||||||||||| ||spa|| | ||
| 082 | _aDVD0192/B45/2004 | ||
| 245 | 0 | _aSeminario: forjadores de la identidad peruana. Antonio Raimondi y el conocimiento geográfico del Perú: | |
| 942 | _cDVD | ||
| 999 |
_c2051 _d2051 |
||